LEADER 01574nas 2200457-a 450 001 9910895752003321 005 20260218112733.0 011 $a1849-0808 035 $a(CKB)110978966563594 035 $a(CONSER)sn-95050173- 035 $a(DE-599)ZDB2506386-8 035 $a(DE-599)2506386-8 035 $a(EXLCZ)99110978966563594 100 $a19930505a19929999 --- - 101 0 $aeng 181 $ctxt$2rdacontent 182 $cc$2rdamedia 183 $acr$2rdacarrier 200 00$aGynaecologia et perinatologia $ejournal for gynaecology, perinatology, reproductive medicine, and ultrasonic diagnostics 210 $aZagreb, Croatia $cMladost$d[1992]- 215 $a1 online resource 300 $aRefereed/Peer-reviewed 311 08$aPrint version: Gynaecologia et perinatologia : 1330-0091 (DLC)sn 95050173 (OCoLC)32565583 606 $aGynecology$vPeriodicals 606 $aPerinatology$vPeriodicals 606 $aGenital Diseases, Female$3https://id.nlm.nih.gov/mesh/D005831 606 $aObstetrics$3https://id.nlm.nih.gov/mesh/D009774 606 $aPerinatal Care$3https://id.nlm.nih.gov/mesh/D018743 606 $aUltrasonography$3https://id.nlm.nih.gov/mesh/D014463 608 $aPeriodical. 615 0$aGynecology 615 0$aPerinatology 615 2$aGenital Diseases, Female. 615 2$aObstetrics. 615 2$aPerinatal Care. 615 2$aUltrasonography. 906 $aJOURNAL 912 $a9910895752003321 920 $aexl_impl conversion 996 $aGynaecologia et perinatologia$94240487 997 $aUNINA